Outlines of Church History (Record no. 95)

MARC details
000 -LEADER
fixed length control field 00552nam a2200241 a 4500
020 ## - INTERNATIONAL STANDARD BOOK NUMBER
ISBN
082 00 - DEWEY DECIMAL CLASSIFICATION NUMBER
Classification number 270
Author Cutter SOH
100 ## - MAIN ENTRY--AUTHOR NAME
Author name Sohm, Rudolf
245 ## - TITLE STATEMENT
Title Outlines of Church History
260 ## - PUBLICATION, DISTRIBUTION, ETC. (IMPRINT)
Place of publication Boston
Name of publisher Beacon Press
Year of publication 1958
300 ## - PHYSICAL DESCRIPTION
Number of Pages 260p
500 ## - GENERAL NOTE
General note includes index and biblioraphy
505 2# - FORMATTED CONTENTS NOTE
Formatted contents note Index
650 ## - SUBJECT ADDED ENTRY--TOPICAL TERM
Topical Term Church-History
942 ## - ADDED ENTRY ELEMENTS (KOHA)
Koha item type Books
700 1# -
-- Sohm, Rudolf
Holdings
Collection code Home library Current library Date acquired Cost, normal purchase price Full call number Accession Number Koha item type
  Henry Martyn Institute Library Henry Martyn Institute Library 01/09/2008 0.00 270 SOH 02256 Books
                   Copyright © 2026 | Henry Martyn Institute | Hyderabad | TS-500052 | INDIA | Implemented by hmi.edu.in
Hit-Count:

Powered by Koha